Alcohol-related problems: a shared response in the Lothians. (Record no. 22371)
[ view plain ]
| 000 -LEADER | |
|---|---|
| fixed length control field | 00693cam0a220018100 4500 |
| 001 - CONTROL NUMBER | |
| control field | zam00004497 |
| 008 - FIXED-LENGTH DATA ELEMENTS--GENERAL INFORMATION | |
| fixed length control field | 970717n xx eng u |
| 035 ## - SYSTEM CONTROL NUMBER | |
| System control number | (Sirsi) r134497 |
| 040 ## - CATALOGING SOURCE | |
| Modifying agency | UPRA |
| 100 ## - MAIN ENTRY--PERSONAL NAME | |
| Personal name | Scott, Tom. |
| Linkage | A107755.1 |
| 245 10 - TITLE STATEMENT | |
| Title | Alcohol-related problems: a shared response in the Lothians. |
| 260 ## - PUBLICATION, DISTRIBUTION, ETC. | |
| Place of publication, distribution, etc. | Edinburgh : |
| Name of publisher, distributor, etc. | Heriot-Watt University, |
| Date of publication, distribution, etc. | 1978. |
| 520 ## - SUMMARY, ETC. | |
| Summary, etc. | This report is primarily concerned with the mental, physical and social consequences of the excessive consumption of alcohol. |
| 650 #4 - SUBJECT ADDED ENTRY--TOPICAL TERM | |
| Topical term or geographic name entry element | Alcohol. |
| Linkage | S75195.2 |
| 650 #4 - SUBJECT ADDED ENTRY--TOPICAL TERM | |
| Topical term or geographic name entry element | Alcoholism -- Alcoholic beverages. |
| General subdivision | Alcoholism -- Alcoholic beverages. |
| Linkage | S80366.1 |
| 949 10 - LOCAL PROCESSING INFORMATION (OCLC) | |
| m | INESOR |
| t | BOOK |
| l | ON-SHELF |
No items available.